| 000 | 00799cam a2200217 4500 | ||
|---|---|---|---|
| 001 | J125487 | ||
| 008 | 040319n2004 000 0 eng u | ||
| 035 | _a(Sirsi) u125487 | ||
| 041 | _aeng | ||
| 050 |
_a333.0062 _c18 |
||
| 110 |
_aRoyal Institution of Chartered Surveyors _bGovernance and Corporate Management _94171 |
||
| 245 |
_aBrooke Review Committee _bnotes of meetings of the sub-groups and main committee on 30 January 2004 |
||
| 260 |
_a[S.I.] _bRICS _c2004 |
||
| 490 | _aRICS Brooke Review | ||
| 520 | _aUpdates from the communication sub-group, infrastructure sub-group, governance sub-group and the main committee. | ||
| 650 | _aRICS BROOKE REVIEW | ||
| 650 | _aRICS MEMBERSHIP | ||
| 690 | _aRICS NEWS | ||
| 710 |
_aRoyal Institution of Chartered Surveyors _94900 |
||
| 942 | _n0 | ||
| 999 |
_c103407 _d103407 |
||